[Event "SRB Team Chmp 2007"]
[Site "Zlatibor"]
[Date "2007.08.31"]
[Round "10.1"]
[White "Maksimenko, Andrei"]
[Black "Markus, Robert"]
[Result "1/2-1/2"]
[WhiteElo "2505"]
[BlackElo "2586"]
[PlyCount "86"]
[EventDate "2007.08.21"]

1. e4 c5 2. Nf3 e6 3. c3 d5 4. exd5 Qxd5 5. d4 Nf6 6. Be2 Nc6 7. O-O cxd4 8.
Nxd4 Nxd4 9. cxd4 Be7 10. Nc3 Qd6 11. Qb3 O-O 12. Rd1 Rd8 13. Bf3 Qb4 14. Qxb4
Bxb4 15. Bg5 h6 16. Bh4 Be7 17. Bg3 Bd6 18. Be5 a6 19. Na4 Rb8 20. Nb6 Ne8 21.
Rac1 Bd7 22. Nc4 Bxe5 23. dxe5 Bc6 24. Bxc6 bxc6 25. b3 Rd5 26. Kf1 Kf8 27. Ke2
Rbb5 28. f4 Ke7 29. g3 f6 30. exf6+ gxf6 31. Ne3 Rxd1 32. Nxd1 Kd7 33. Nc3 Rb8
34. Na4 Nc7 35. Nc5+ Ke7 36. Nd3 Kd6 37. Nf2 Nd5 38. Ne4+ Kc7 39. Nc5 Kd6 40.
Ne4+ Kc7 41. Rc4 a5 42. Nc5 Kd6 43. Ne4+ Kc7 1/2-1/2

[Event "SRB Team Chmp 2007"]
[Site "Zlatibor"]
[Date "2007.08.31"]
[Round "10.1"]
[White "Drasko, Milan"]
[Black "Kovacevic, Aleksandar"]
[Result "1/2-1/2"]
[WhiteElo "2552"]
[BlackElo "2566"]
[PlyCount "50"]
[EventDate "2007.08.21"]

1. d4 Nf6 2. c4 e6 3. Nc3 Bb4 4. Qc2 O-O 5. a3 Bxc3+ 6. Qxc3 b6 7. Bg5 Bb7 8.
f3 h6 9. Bh4 d5 10. e3 Nbd7 11. Nh3 c5 12. cxd5 cxd4 13. Qxd4 e5 14. Qd1 Bxd5
15. Bb5 Rc8 16. O-O Be6 17. Nf2 Nc5 18. Qxd8 Rfxd8 19. Rfd1 Rxd1+ 20. Rxd1 Nd5
21. e4 Ne3 22. Rc1 Nc4 23. Bxc4 Nb3 24. Rc3 Rxc4 25. Rxc4 Bxc4 1/2-1/2

[Event "SRB Team Chmp 2007"]
[Site "Zlatibor"]
[Date "2007.08.31"]
[Round "10.1"]
[White "Solak, Dragan"]
[Black "Abramovic, Bosko"]
[Result "1-0"]
[WhiteElo "2566"]
[BlackElo "2516"]
[PlyCount "69"]
[EventDate "2007.08.21"]

1. e4 e5 2. Nf3 Nc6 3. Bb5 a6 4. Bxc6 dxc6 5. O-O Bd6 6. d4 exd4 7. Qxd4 f6 8.
Nbd2 Ne7 9. Nc4 Be6 10. Nxd6+ Qxd6 11. Be3 Qxd4 12. Nxd4 Bd7 13. f3 a5 14. Rad1
a4 15. a3 b6 16. Ne2 c5 17. Nc3 O-O-O 18. Bf4 Bc6 19. g4 Rhe8 20. Kf2 Ng6 21.
Ke3 Nf8 22. Rxd8+ Rxd8 23. Rd1 Re8 24. Nd5 Ne6 25. c3 Bb5 26. Bg3 Bc4 27. h4
Bb3 28. Rd2 h5 29. gxh5 b5 30. h6 Bxd5 31. Rxd5 g6 32. e5 f5 33. Bf4 Re7 34.
Rd1 Rh7 35. Rg1 1-0

[Event "SRB Team Chmp 2007"]
[Site "Zlatibor"]
[Date "2007.08.31"]
[Round "10.1"]
[White "Benkovic, Petar"]
[Black "Nevednichy, Vladislav"]
[Result "0-1"]
[WhiteElo "2465"]
[BlackElo "2523"]
[PlyCount "82"]
[EventDate "2007.08.21"]

1. d4 g6 2. e4 Bg7 3. Nc3 d6 4. Be3 a6 5. Qd2 b5 6. a4 b4 7. Nd1 a5 8. c3 bxc3
9. bxc3 Nf6 10. f3 O-O 11. Bd3 Ba6 12. Ne2 Nbd7 13. O-O Bxd3 14. Qxd3 c6 15.
Ng3 e5 16. Nf2 d5 17. Qd2 Re8 18. Bh6 Bxh6 19. Qxh6 Kh8 20. Rad1 Qe7 21. Qc1
Rab8 22. Rfe1 Qf8 23. exd5 cxd5 24. dxe5 Rxe5 25. Rxe5 Nxe5 26. Qf4 Ned7 27. h4
Qc5 28. Qd2 Rc8 29. Ne2 Qc4 30. h5 Qxa4 31. hxg6 hxg6 32. Qh6+ Kg8 33. Nf4 Qb3
34. Re1 Qxc3 35. Re7 Qc5 36. Rxf7 Kxf7 37. Qxg6+ Ke7 38. Qg7+ Kd6 39. N4d3 Qe3
40. Qg6 Rg8 41. Qf5 a4 0-1

[Event "SRB Team Chmp 2007"]
[Site "Zlatibor"]
[Date "2007.08.31"]
[Round "10.1"]
[White "Lazic, Miroljub"]
[Black "Drazic, Sinisa"]
[Result "1/2-1/2"]
[WhiteElo "2465"]
[BlackElo "2480"]
[PlyCount "126"]
[EventDate "2007.08.21"]

1. d4 f5 2. Nc3 Nf6 3. Bg5 c6 4. Bxf6 exf6 5. e3 d5 6. Bd3 Bd6 7. Qf3 g6 8. h4
h5 9. Nh3 Be6 10. Nf4 Bf7 11. Nce2 Nd7 12. c3 Qe7 13. Ng3 O-O-O 14. O-O-O Kb8
15. Kb1 Bc7 16. Rc1 Nb6 17. Qd1 Rhe8 18. Nf1 Nc8 19. Nd2 Nd6 20. g3 Rd7 21. Qe2
Nc4 22. Ka1 Nd6 23. Rcg1 Rh8 24. Qd1 Qe8 25. Be2 Re7 26. Nh3 Qg8 27. Nf4 Be8
28. Bd3 Reh7 29. Qc2 Bf7 30. Rc1 Qe8 31. Rcg1 Rg7 32. Ng2 Ne4 33. Nxe4 fxe4 34.
Be2 Qd7 35. c4 Be6 36. Rc1 Bh3 37. Nf4 Bxf4 38. gxf4 Bg4 39. Rcg1 Qe6 40. c5
Rhg8 41. Qd1 Bxe2 42. Qxe2 Qf7 43. Rg3 g5 44. fxg5 fxg5 45. f3 exf3 46. Rxf3
Qe8 47. hxg5 Rxg5 48. Qh2+ Ka8 49. a3 a6 50. Rhf1 Qb8 51. Qd6 R5g6 52. Qe7 Re8
53. Qh7 Rge6 54. Qxh5 Rxe3 55. Rxe3 Rxe3 56. Qh6 Re8 57. Ka2 Qd8 58. Rf7 Qa5
59. Rf8 Rxf8 60. Qxf8+ Ka7 61. Qf4 Qb5 62. Qe3 Qc4+ 63. Qb3 Qxd4 1/2-1/2

[Event "SRB Team Chmp 2007"]
[Site "Zlatibor"]
[Date "2007.08.31"]
[Round "10.2"]
[White "Sedlak, Nikola"]
[Black "Solodovnichenko, Yuri"]
[Result "1/2-1/2"]
[WhiteElo "2590"]
[BlackElo "2582"]
[PlyCount "272"]
[EventDate "2007.08.21"]

1. e4 e5 2. Nf3 Nf6 3. d3 d6 4. g3 g6 5. Bg2 Bg7 6. c4 Bg4 7. h3 Bxf3 8. Bxf3
Nc6 9. Be3 Nd7 10. Nc3 Nc5 11. O-O h5 12. h4 Ne6 13. Bg2 Ncd4 14. Ne2 Nxe2+ 15.
Qxe2 c5 16. Qd2 Qe7 17. a3 Nd4 18. Rab1 a5 19. Bxd4 cxd4 20. b4 Bh6 21. Qb2 O-O
22. Bh3 Ra7 23. b5 b6 24. f4 exf4 25. Qxd4 fxg3 26. Qxb6 Rb7 27. Qd4 Qxh4 28.
Kg2 g5 29. Qxd6 g4 30. Qxg3 Qxh3+ 31. Qxh3 gxh3+ 32. Kxh3 Be3 33. Rf5 Rc8 34.
a4 Rc5 35. Rxc5 Bxc5 36. Kh4 Rb6 37. Rf1 Rh6 38. Rf5 Be7+ 39. Kh3 Rd6 40. Rf3
Rd8 41. Kg3 Kg7 42. Kf4 h4 43. Kf5 Bc5 44. Kg4 Rh8 45. Kh3 Rh5 46. Rf4 Kg6 47.
Rf1 f5 48. Rf4 Kf6 49. exf5 Rxf5 50. Rxh4 Rf3+ 51. Kg2 Rxd3 52. Rh5 Be3 53. b6
Rb3 54. Rxa5 Rxb6 55. Kf3 Bg1 56. Ke4 Re6+ 57. Kd3 Re3+ 58. Kc2 Bh2 59. Rh5 Be5
60. Rh6+ Ke7 61. Rc6 Rc3+ 62. Kd2 Ra3 63. Rc5 Bd6 64. Rb5 Rxa4 65. Kd3 Kd7 66.
Rd5 Kc6 67. Kd4 Ra1 68. Kc3 Bc5 69. Kb2 Ra4 70. Kb3 Ra3+ 71. Kb2 Rh3 72. Kc2
Kb6 73. Kb2 Kc6 74. Kc2 Re3 75. Kd2 Rf3 76. Kc2 Bb4 77. Rd3 Rf2+ 78. Kb3 Be7
79. Rd5 Bf6 80. Rh5 Rf3+ 81. Ka2 Kd6 82. Rd5+ Ke6 83. Rc5 Rc3 84. Rc8 Kf5 85.
Rc6 Bd4 86. Rh6 Ke4 87. Rh4+ Kd3 88. Rh3+ Be3 89. Rh4 Rc1 90. Kb2 Re1 91. Rh3
Kxc4 92. Rh2 Bd4+ 93. Kc2 Ra1 94. Re2 Rf1 95. Kd2 Rf3 96. Kc2 Be3 97. Rg2 Bf4
98. Re2 Rc3+ 99. Kb2 Bc1+ 100. Ka2 Be3 101. Kb2 Kb4 102. Rg2 Bd4 103. Rd2 Be5
104. Kb1 Rc7 105. Re2 Bg7 106. Rg2 Bf6 107. Rf2 Bc3 108. Re2 Kb3 109. Rb2+ Kc4
110. Rg2 Ra7 111. Ra2 Re7 112. Kc2 Re2+ 113. Kb1 Re1+ 114. Kc2 Rg1 115. Ra4+
Bb4 116. Ra2 Re1 117. Rb2 Re2+ 118. Kb1 Re1+ 119. Kc2 Ra1 120. Rb1 Ra8 121. Rb3
Rg8 122. Rb2 Ba3 123. Ra2 Rg3 124. Kb1 Rb3+ 125. Kc2 Rd3 126. Ra1 Bb4 127. Ra2
Re3 128. Rb2 Re2+ 129. Kb1 Bd2 130. Ra2 Re1+ 131. Kc2 Bb4 132. Rb2 Rh1 133. Ra2
Rh3 134. Kb2 Rb3+ 135. Kc2 Ba3 136. Kd2 Rb2+ 1/2-1/2

[Event "SRB Team Chmp 2007"]
[Site "Zlatibor"]
[Date "2007.08.31"]
[Round "10.2"]
[White "Jovanovic, Zoran"]
[Black "Brenjo, Slavisa"]
[Result "0-1"]
[WhiteElo "2537"]
[BlackElo "2485"]
[PlyCount "96"]
[EventDate "2007.08.21"]

1. e4 e5 2. Nf3 Nc6 3. c3 Nf6 4. d3 d5 5. Nbd2 a5 6. Be2 Bc5 7. O-O O-O 8. b3
Re8 9. a3 b6 10. Bb2 Bb7 11. b4 Bd6 12. Re1 Ne7 13. Bf1 Ng6 14. Qc2 c5 15. bxa5
Rxa5 16. exd5 Nxd5 17. Nc4 Ra8 18. d4 Ndf4 19. dxe5 Bxf3 20. Nxd6 Nxg2 21. Qf5
Nxe1 22. Qxf7+ Kh8 23. Qxe8+ Qxe8 24. Nxe8 Nc2 25. Nc7 Ra4 26. c4 Nxa1 27. e6
Ra7 28. Nb5 Re7 29. Bxa1 Rxe6 30. Bc3 Nf4 31. h4 Rg6+ 32. Kh2 Bg2 33. h5 Rg5
34. Bxg2 Rxg2+ 35. Kh1 Rg5 36. Kh2 Kg8 37. h6 gxh6 38. Bf6 Rg2+ 39. Kh1 Rxf2
40. Bd8 Rc2 41. Nd6 Rd2 42. Bc7 Ne6 43. Bb8 Ra2 44. Nb5 Nd4 45. Nc3 Rxa3 46.
Nd5 Ra4 47. Nxb6 Rb4 48. Nd7 Rb7 0-1

[Event "SRB Team Chmp 2007"]
[Site "Zlatibor"]
[Date "2007.08.31"]
[Round "10.2"]
[White "Martinovic, Slobodan"]
[Black "Djukic, Nikola"]
[Result "1/2-1/2"]
[WhiteElo "2447"]
[BlackElo "2531"]
[PlyCount "129"]
[EventDate "2007.08.21"]

1. d4 Nf6 2. Nf3 g6 3. c4 Bg7 4. Nc3 O-O 5. g3 d5 6. cxd5 Nxd5 7. Bg2 Nb6 8.
O-O Nc6 9. e3 Re8 10. Re1 a5 11. h3 a4 12. a3 Be6 13. Nd2 Na5 14. d5 Nxd5 15.
Nxa4 Nb6 16. Nc5 Bd5 17. e4 Bc6 18. Qc2 Nd7 19. Nd3 Bb5 20. Nf3 Bxd3 21. Qxd3
Nc5 22. Qe2 Nab3 23. Rd1 Nxa1 24. Rxd8 Rexd8 25. e5 Nab3 26. Bg5 Rd7 27. Qc4 e6
28. Be3 b6 29. h4 h5 30. Kh2 Rad8 31. Bg5 Rb8 32. Be3 Na5 33. Qb5 c6 34. Qe2
Nd3 35. Bd4 Nb3 36. Bc3 c5 37. Ng5 c4 38. Kg1 b5 39. Qe3 Nbc5 40. Bc6 Rc7 41.
Bg2 Na4 42. Ne4 Naxb2 43. Nf6+ Kh8 44. Bf3 Na4 45. Bd4 Rd8 46. Bd1 Nac5 47. Bc2
Nd7 48. Bc3 Ra8 49. Qg5 Rxa3 50. Bd4 Nxf6 51. exf6 Bf8 52. Qxb5 Kg8 53. Qb8 Rd7
54. Be3 Ra1+ 55. Kg2 Ne1+ 56. Kh3 Rb7 57. Qxb7 Nxc2 58. Qb2 Rh1+ 59. Kg2 Nxe3+
60. Kxh1 Nd5 61. Qb8 Nxf6 62. Qc8 Ne4 63. Kg2 Nc5 64. Kf1 c3 65. Qb8 1/2-1/2

[Event "SRB Team Chmp 2007"]
[Site "Zlatibor"]
[Date "2007.08.31"]
[Round "10.2"]
[White "Zlatic, Mihajlo"]
[Black "Popov, Sinisa S"]
[Result "1-0"]
[WhiteElo "2450"]
[BlackElo "2481"]
[PlyCount "92"]
[EventDate "2007.08.21"]

1. e4 e5 2. Nf3 Nc6 3. Bc4 Nf6 4. d3 Be7 5. O-O O-O 6. Re1 d6 7. a4 Kh8 8. c3
Ng8 9. d4 Bg4 10. dxe5 Nxe5 11. Be2 Bxf3 12. Bxf3 Bg5 13. Be2 Bxc1 14. Qxc1 Qh4
15. Nd2 Nf6 16. g3 Qh6 17. f4 Neg4 18. Nf1 Rae8 19. Bf3 Qh5 20. Kg2 Qc5 21. Qd2
h5 22. h3 Nh6 23. Qd4 Qxd4 24. cxd4 g6 25. e5 Nd7 26. g4 dxe5 27. dxe5 hxg4 28.
hxg4 Nc5 29. Ne3 Nd3 30. Rh1 Kg7 31. Nd5 Rd8 32. Nf6 Rh8 33. Kg3 Rd4 34. Be4
Nc5 35. Bc2 Rd2 36. Rac1 Nd3 37. Rhd1 Rxd1 38. Rxd1 Nc5 39. b4 Ne6 40. Rd7 Rc8
41. Bb3 Nf8 42. Rxc7 Rd8 43. Bd5 Nh7 44. Rxb7 Nxf6 45. exf6+ Kxf6 46. g5+ Kf5
1-0

[Event "SRB Team Chmp 2007"]
[Site "Zlatibor"]
[Date "2007.08.31"]
[Round "10.3"]
[White "Predojevic, Borki"]
[Black "Postny, Evgeny"]
[Result "1/2-1/2"]
[WhiteElo "2628"]
[BlackElo "2598"]
[PlyCount "90"]
[EventDate "2007.08.21"]

1. e4 e5 2. Nf3 Nc6 3. Bc4 Nf6 4. d3 Be7 5. O-O O-O 6. Re1 d6 7. a4 Na5 8. Ba2
c5 9. c3 Nc6 10. Na3 Be6 11. Bxe6 fxe6 12. Nc2 Qe8 13. b4 cxb4 14. Nxb4 Nxb4
15. cxb4 Qg6 16. Ra2 Rac8 17. Rc2 Rxc2 18. Qxc2 Ng4 19. h3 Rxf3 20. hxg4 Rf8
21. Qc7 Bh4 22. Be3 Qf6 23. Rf1 Qe7 24. Qxe7 Bxe7 25. Rc1 d5 26. Bxa7 Bxb4 27.
Bb6 Bd6 28. f3 Ra8 29. a5 Kf7 30. Rb1 Ke7 31. Kf1 Kd7 32. Ke2 h6 33. Kd2 Rc8
34. Ba7 Kc6 35. Rc1+ Kd7 36. Rb1 Kc6 37. Rb6+ Kc7 38. Rb2 Kc6 39. Rb3 b5 40.
Rc3+ Kd7 41. Rxc8 Kxc8 42. a6 Kc7 43. d4 dxe4 44. fxe4 exd4 45. Bxd4 g6 1/2-1/2

[Event "SRB Team Chmp 2007"]
[Site "Zlatibor"]
[Date "2007.08.31"]
[Round "10.3"]
[White "Paunovic, Dragan"]
[Black "Markovic, Miroslav"]
[Result "1/2-1/2"]
[WhiteElo "2531"]
[BlackElo "2442"]
[PlyCount "28"]
[EventDate "2007.08.21"]

1. Nf3 d5 2. d4 c6 3. c4 Nf6 4. e3 a6 5. Bd3 Bg4 6. Nbd2 e6 7. h3 Bh5 8. O-O
Bd6 9. Qe2 Nbd7 10. Rd1 O-O 11. e4 dxe4 12. Nxe4 Nxe4 13. Qxe4 Nf6 14. Qe2 Bc7
1/2-1/2

[Event "SRB Team Chmp 2007"]
[Site "Zlatibor"]
[Date "2007.08.31"]
[Round "10.3"]
[White "Tadic, Branko"]
[Black "Djukic, Zeljko"]
[Result "1-0"]
[WhiteElo "2500"]
[BlackElo "2402"]
[PlyCount "47"]
[EventDate "2007.08.21"]

1. Nf3 Nf6 2. c4 c5 3. g3 d5 4. cxd5 Nxd5 5. Nc3 b6 6. Qa4+ Bd7 7. Qb3 Nxc3 8.
bxc3 Bc6 9. Ne5 Qd5 10. Nxc6 Qxh1 11. Ne5 e6 12. Qa4+ Ke7 13. Nf3 Nd7 14. d3 f6
15. Qc6 Rd8 16. Bf4 e5 17. O-O-O Qxf1 18. Rxf1 exf4 19. gxf4 g6 20. f5 Bh6+ 21.
Kc2 Nf8 22. Qa4 Rd7 23. Qh4 Bg7 24. Qe4+ 1-0

[Event "SRB Team Chmp 2007"]
[Site "Zlatibor"]
[Date "2007.08.31"]
[Round "10.3"]
[White "Dujkovic, Sinisa"]
[Black "Todorovic, Goran M"]
[Result "1/2-1/2"]
[WhiteElo "2407"]
[BlackElo "2471"]
[PlyCount "26"]
[EventDate "2007.08.21"]

1. e4 c5 2. Nf3 e6 3. d3 Nc6 4. g3 g6 5. Bg2 Bg7 6. O-O Nge7 7. Re1 d6 8. c3
O-O 9. d4 cxd4 10. cxd4 Qb6 11. d5 Bxb2 12. Bxb2 Qxb2 13. Nbd2 Nd4 1/2-1/2

[Event "SRB Team Chmp 2007"]
[Site "Zlatibor"]
[Date "2007.08.31"]
[Round "10.3"]
[White "Pavlovic, Milos M"]
[Black "Krnic, Zdenko"]
[Result "0-1"]
[WhiteElo "2438"]
[BlackElo "2385"]
[PlyCount "79"]
[EventDate "2007.08.21"]

1. Nf3 Nf6 2. c4 g6 3. Nc3 d5 4. Qa4+ Bd7 5. Qb3 dxc4 6. Qxc4 Nc6 7. d4 Bg7 8.
e4 O-O 9. Be2 a6 10. e5 Be6 11. exf6 Bxc4 12. fxg7 Kxg7 13. Bxc4 Nxd4 14. Nxd4
Qxd4 15. Be2 b5 16. O-O Rad8 17. Be3 Qb4 18. Rab1 e5 19. a3 Qe7 20. Ne4 Rd4 21.
Bxd4 exd4 22. Bf3 f5 23. Nd2 c5 24. Rfe1 Qd6 25. b3 Rc8 26. Rbc1 h5 27. Rc2 h4
28. h3 Kf6 29. Rec1 Rc7 30. a4 d3 31. Rc3 Qd4 32. axb5 axb5 33. Bd1 g5 34. Nf3
Qf4 35. Ra1 c4 36. bxc4 bxc4 37. Ra4 g4 38. hxg4 fxg4 39. Rxd3 Qc1 40. Rd6+ 0-1

[Event "SRB Team Chmp 2007"]
[Site "Zlatibor"]
[Date "2007.08.31"]
[Round "10.3"]
[White "Krstic, Petar"]
[Black "Nestorovic, Nikola"]
[Result "0-1"]
[WhiteElo "2327"]
[BlackElo "2424"]
[PlyCount "72"]
[EventDate "2007.08.21"]

1. e4 e5 2. Bc4 Nf6 3. d3 c6 4. Nf3 d5 5. Bb3 Bd6 6. Bg5 Nbd7 7. Nbd2 Qc7 8.
exd5 cxd5 9. O-O O-O 10. Re1 Re8 11. Nf1 b6 12. Ne3 Bb7 13. Nf5 Bf8 14. Bxf6
Nxf6 15. Ba4 Re6 16. d4 e4 17. Nd2 g6 18. Ne3 Rd8 19. Bb5 Bg7 20. c3 Ne8 21. g3
Nd6 22. Bf1 f5 23. Qb3 Nf7 24. Ng2 Bh6 25. Qd1 Rde8 26. f4 g5 27. fxg5 Bxg5 28.
Be2 Nh8 29. Rf1 Rf8 30. Nf4 Bxf4 31. Rxf4 Ng6 32. Rf1 f4 33. gxf4 Nxf4 34. Kh1
Rg6 35. Bh5 Rg7 36. Rg1 Nh3 0-1

[Event "SRB Team Chmp 2007"]
[Site "Zlatibor"]
[Date "2007.08.31"]
[Round "10.4"]
[White "Naiditsch, Arkadij"]
[Black "Halkias, Stelios"]
[Result "1-0"]
[WhiteElo "2652"]
[BlackElo "2580"]
[PlyCount "109"]
[EventDate "2007.08.21"]

1. e4 e5 2. Nf3 Nc6 3. Bc4 Nf6 4. Ng5 d5 5. exd5 Na5 6. Bb5+ c6 7. dxc6 bxc6 8.
Be2 h6 9. Nf3 e4 10. Ne5 Qc7 11. d4 exd3 12. Nxd3 Bd6 13. b3 O-O 14. Bb2 Ne4
15. Nc3 f5 16. h3 Ba6 17. O-O Rad8 18. Kh1 Bf4 19. Bf3 Rfe8 20. Bh5 Re7 21. Ne2
Bg5 22. Bg6 Qb6 23. Kg1 Nxf2 24. Rxf2 Be3 25. Bd4 Bxd4 26. Nxd4 Qxd4 27. Rc1 c5
28. Qh5 c4 29. Nf4 cxb3 30. axb3 Qe3 31. Rd1 Nc6 32. Rxd8+ Nxd8 33. Qxf5 Qe1+
34. Kh2 Qxf2 35. Bh7+ Kh8 36. Ng6+ Kxh7 37. Qxf2 Kxg6 38. Qg3+ Kf7 39. Qd6 Bb7
40. Qxd8 Be4 41. c4 a6 42. g4 Bf3 43. Kg3 Be4 44. h4 Rb7 45. Kf4 Bh1 46. Qd1
Bc6 47. Qd6 Bh1 48. b4 Bg2 49. g5 hxg5+ 50. hxg5 Ke8 51. Qxa6 Rf7+ 52. Kg3 Bb7
53. Qd6 Rd7 54. Qe5+ Kd8 55. b5 1-0

[Event "SRB Team Chmp 2007"]
[Site "Zlatibor"]
[Date "2007.08.31"]
[Round "10.4"]
[White "Perunovic, Milos"]
[Black "Matulovic, Milan"]
[Result "1-0"]
[WhiteElo "2589"]
[BlackElo "2389"]
[PlyCount "55"]
[EventDate "2007.08.21"]

1. e4 e5 2. Nf3 Nf6 3. Nxe5 d6 4. Nf3 Nxe4 5. Nc3 Nxc3 6. dxc3 Be7 7. Bf4 Nd7
8. Qd2 O-O 9. O-O-O Nc5 10. Be3 b6 11. Nd4 Bd7 12. f3 Re8 13. h4 Bf8 14. g4 c6
15. h5 Qe7 16. Bf4 f6 17. Kb1 Qf7 18. Rg1 Ne6 19. Bd3 Rad8 20. Nxe6 Bxe6 21. b3
c5 22. g5 fxg5 23. Rxg5 c4 24. Bg6 hxg6 25. hxg6 Qf6 26. Rh1 Be7 27. Rh7 cxb3
28. axb3 1-0

[Event "SRB Team Chmp 2007"]
[Site "Zlatibor"]
[Date "2007.08.31"]
[Round "10.4"]
[White "Tosic, Miroslav"]
[Black "Cabrilo, Goran"]
[Result "0-1"]
[WhiteElo "2437"]
[BlackElo "2496"]
[PlyCount "68"]
[EventDate "2007.08.21"]

1. d4 Nf6 2. c4 g6 3. Nc3 Bg7 4. e4 d6 5. Bd3 O-O 6. Nge2 c5 7. d5 e6 8. h3
exd5 9. exd5 Nbd7 10. f4 Ne8 11. Be3 a6 12. a4 b6 13. Qd2 Rb8 14. O-O f5 15.
Bf2 Nc7 16. Rab1 a5 17. Kh1 Nf6 18. Bh4 Qd7 19. Rbe1 Bb7 20. Ng1 Rbe8 21. Nf3
Bc8 22. Kh2 Rxe1 23. Rxe1 Re8 24. Rxe8+ Qxe8 25. Qe1 Bd7 26. Qxe8+ Nfxe8 27.
Be1 Bxc3 28. Bxc3 Bxa4 29. g3 Bd7 30. Kg2 a4 31. Ng5 b5 32. cxb5 Bxb5 33. Bxb5
Nxb5 34. Bd2 Nec7 0-1

[Event "SRB Team Chmp 2007"]
[Site "Zlatibor"]
[Date "2007.08.31"]
[Round "10.4"]
[White "Strikovic, Aleksa"]
[Black "Arsovic, Goran"]
[Result "1/2-1/2"]
[WhiteElo "2567"]
[BlackElo "2470"]
[PlyCount "91"]
[EventDate "2007.08.21"]

1. d4 Nf6 2. g3 g6 3. Bg2 Bg7 4. e4 d6 5. Nc3 O-O 6. Nge2 e5 7. h3 Bd7 8. O-O
Nc6 9. Be3 a6 10. f4 exd4 11. Nxd4 Re8 12. Re1 Nxd4 13. Bxd4 c5 14. Bf2 Bc6 15.
Qd3 Qc7 16. Rad1 Rad8 17. a3 Qc8 18. g4 h6 19. Bh4 b5 20. b4 Ba8 21. Re3 Qc7
22. Qd2 Qb6 23. Qf2 cxb4 24. axb4 Rc8 25. e5 dxe5 26. Bxa8 Rxa8 27. fxe5 Nh7
28. Rd6 Qa7 29. Bg3 Ng5 30. Kg2 Qb7+ 31. Kh2 Rad8 32. h4 Ne6 33. Ne4 Qa7 34. c3
Rc8 35. Qf3 a5 36. bxa5 Qxa5 37. Rd7 Rf8 38. Nd6 Rc7 39. Rxc7 Nxc7 40. Qc6 Qa2+
41. Kh3 Qd5 42. Qxd5 Nxd5 43. Rd3 Nc7 44. Ne4 Ne6 45. Rd5 Rb8 46. Kg2 1/2-1/2

[Event "SRB Team Chmp 2007"]
[Site "Zlatibor"]
[Date "2007.08.31"]
[Round "10.4"]
[White "Rmus, Anto"]
[Black "Savic, Miodrag R"]
[Result "1/2-1/2"]
[WhiteElo "2376"]
[BlackElo "2514"]
[PlyCount "50"]
[EventDate "2007.08.21"]

1. e4 d5 2. exd5 Qxd5 3. Nf3 Nf6 4. d4 c6 5. c4 Qd6 6. Nc3 Bg4 7. Be2 e6 8. h3
Bxf3 9. Bxf3 Be7 10. O-O O-O 11. d5 exd5 12. cxd5 Rd8 13. dxc6 Nxc6 14. Qxd6
Bxd6 15. Ne4 Be7 16. Nxf6+ Bxf6 17. Bxc6 bxc6 18. Rb1 a5 19. b3 a4 20. Be3 a3
21. Rfd1 Bb2 22. Kf1 f5 23. Ke2 Kf7 24. Rxd8 Rxd8 25. Rd1 Re8 1/2-1/2

[Event "SRB Team Chmp 2007"]
[Site "Zlatibor"]
[Date "2007.08.31"]
[Round "10.5"]
[White "Antic, Dejan"]
[Black "Pikula, Dejan"]
[Result "1/2-1/2"]
[WhiteElo "2468"]
[BlackElo "2504"]
[PlyCount "21"]
[EventDate "2007.08.21"]

1. Nf3 Nf6 2. g3 c5 3. Bg2 Nc6 4. O-O g6 5. c3 Bg7 6. d4 cxd4 7. cxd4 d5 8. Nc3
O-O 9. b3 Ne4 10. Bb2 Nxc3 11. Bxc3 1/2-1/2

[Event "SRB Team Chmp 2007"]
[Site "Zlatibor"]
[Date "2007.08.31"]
[Round "10.5"]
[White "Rajkovic, Dusan"]
[Black "Pavlovic, Goran"]
[Result "1/2-1/2"]
[WhiteElo "2522"]
[BlackElo "2372"]
[PlyCount "22"]
[EventDate "2007.08.21"]

1. d4 d5 2. c4 e6 3. Nc3 Be7 4. Nf3 Nf6 5. Bg5 h6 6. Bh4 O-O 7. e3 b6 8. Rc1
Bb7 9. Bxf6 Bxf6 10. cxd5 exd5 11. b4 c6 1/2-1/2

[Event "SRB Team Chmp 2007"]
[Site "Zlatibor"]
[Date "2007.08.31"]
[Round "10.6"]
[White "Mihalj, Miroslav M"]
[Black "Stojanovic, Mihajlo"]
[Result "1/2-1/2"]
[WhiteElo "2323"]
[BlackElo "2601"]
[PlyCount "61"]
[EventDate "2007.08.21"]

1. e4 c5 2. Ne2 Nc6 3. g3 d5 4. Bg2 dxe4 5. Nbc3 Nf6 6. Nxe4 Nxe4 7. Bxe4 Qd6
8. Bg2 g6 9. O-O Bg7 10. d3 O-O 11. Bf4 e5 12. Be3 Bg4 13. h3 Be6 14. Qd2 Rfd8
15. Nc3 f5 16. Nb5 Qd7 17. Bxc5 e4 18. Nc3 Ne5 19. Rae1 Rac8 20. Bxa7 b6 21.
Bxb6 Nc4 22. Qg5 Nxb6 23. dxe4 Qf7 24. Rd1 Bd4 25. Nd5 Bc5 26. Nf6+ Kh8 27.
Rxd8+ Rxd8 28. exf5 Bxf5 29. Ng4 Be7 30. Qf4 Qg7 31. Ne3 1/2-1/2

[Event "SRB Team Chmp 2007"]
[Site "Zlatibor"]
[Date "2007.08.31"]
[Round "10.6"]
[White "Lajthajm, Borko"]
[Black "Bulajic, Ratko"]
[Result "1-0"]
[WhiteElo "2511"]
[BlackElo "2321"]
[PlyCount "69"]
[EventDate "2007.08.21"]

1. d4 Nf6 2. Nf3 g6 3. c4 Bg7 4. Nc3 O-O 5. e4 d6 6. h3 e5 7. d5 Na6 8. Bg5 h6
9. Be3 Kh8 10. g4 Ng8 11. Bd3 f5 12. gxf5 gxf5 13. exf5 Bxf5 14. Bxf5 Rxf5 15.
Nd2 Nc5 16. Qc2 e4 17. Ncxe4 Nxe4 18. Nxe4 Qh4 19. Nxd6 cxd6 20. Qxf5 Qxc4 21.
Rd1 Re8 22. Qd3 Qh4 23. Kf1 Nf6 24. Bd4 Ne4 25. Rg1 Bxd4 26. Qxd4+ Re5 27. Rd3
Nd2+ 28. Kg2 Ne4 29. Rf3 Kh7 30. Rf7+ Kg6 31. Rf3 Kh7 32. Kh2 Qh5 33. Qd3 Rf5
34. Rxf5 Qxf5 35. f3 1-0